| 000 | 00336nam a22001217a 4500 | ||
|---|---|---|---|
| 020 | _a0 7494 4495 9 | ||
| 082 |
_a658.40809 _bSIR |
||
| 100 |
_a Stranks , Jeremy _934590 |
||
| 245 |
_aThe Manager’s Guide to Health & Safety at Work / _cJeremy Stranks |
||
| 260 |
_aLondon ; _bKogan Page, _c2006. |
||
| 300 | _a336p. ; | ||
| 942 |
_2ddc _cBK |
||
| 999 |
_c607126 _d607126 |
||